Gương sáng trời nam (thiên nam minh giám)

Bewaard in:
Bibliografische gegevens
Hoofdauteur: Hoàng Thị Ngọ
Formaat: Boek
Gepubliceerd in: H. Văn học 1994
Onderwerpen:
Tags: Voeg label toe
Geen labels, Wees de eerste die dit record labelt!
Thư viện lưu trữ: Trung tâm Học liệu Lê Vũ Hùng, Trường Đại học Đồng Tháp
LEADER 00833pam a22002538a 4500
001 00018046
005 20171026081022.0
008 110423s1994 ||||||Viesd
020 |c 9000 
041 0 # |a Vie 
082 1 4 |a 895.922 11  |b G561S 
100 0 # |a Hoàng Thị Ngọ 
245 0 0 |a Gương sáng trời nam (thiên nam minh giám)  |c Hoàng Thị Ngọ 
260 # # |a H.  |b Văn học  |c 1994 
300 # # |c 21cm.  |a 177tr. 
500 # # |a ĐTTS ghi: Truyện nôm khuyết danh thế kỷ 17 
650 # 4 |a Việt Nam 
650 # 4 |a Văn học cận đại 
653 # # |a thể kỷ 17 
852 # # |b Kho mượn  |j KM.0005656 
852 # # |b Kho đọc  |j KD.0003379 
852 # # |j KD.0003379  |j KM.0005656 
910 |d 23/04/2011 
980 # # |a Trung tâm Học liệu Lê Vũ Hùng, Trường Đại học Đồng Tháp